Redes de comunicaciones (Registro nro. 622)

Detalles MARC
000 -LEADER
fixed length control field 00952 a2200205 4500
001 - CONTROL NUMBER
control field 15174
005 - DATE AND TIME OF LATEST TRANSACTION
control field 20260407155449.0
008 - FIXED-LENGTH DATA ELEMENTS--GENERAL INFORMATION
fixed length control field 260407a1992 arg spa d
003 - CONTROL NUMBER IDENTIFIER
control field AR-UNSa-BCEJYS
040 ## - CATALOGING SOURCE
Original cataloging agency AR-UNSa-BCEJYS
Language of cataloging spa
Transcribing agency AR-UNSa-BCEJYS
080 ## - UNIVERSAL DECIMAL CLASSIFICATION NUMBER
Universal Decimal Classification number 004.7
Common auxiliary subdivision Comunicación informática. Redes de ordenadores
020 ## - INTERNATIONAL STANDARD BOOK NUMBER
International Standard Book Number 84-283-1922-7
100 1# - MAIN ENTRY--PERSONAL NAME
Personal name Huidobro, José Manuel
245 10 - TITLE STATEMENT
Title Redes de comunicaciones
264 #1 - PRODUCTION, PUBLICATION, DISTRIBUTION, MANUFACTURE, AND COPYRIGHT NOTICE
Place of production, publication, distribution, manufacture Madrid :
Name of producer, publisher, distributor, manufacturer Paraninfo
Date of production, publication, distribution, manufacture, or copyright notice 1992
300 ## - PHYSICAL DESCRIPTION
Extent 330 p.
Dimensions 24 cm.
505 ## - FORMATTED CONTENTS NOTE
Formatted contents note 1. Redes de conmutación de circuitos - 2. Redes de conmutación de paquetes - 3. Red digital de servicios integrados - 4. Centrales digitales de conmutación "Ibercom" - 5. Arquitectura de red inteligente - 6. Arquitectura de red "SNA" - 7. Telefonía movíl y celular - 8. Gestión de canales digitales - 9. Optimización de la transmision - 10. Planificación estratégica de redes
590 ## - LOCAL NOTE (RLIN)
Local note niveau_biblio:m niveau_hierar:0
942 ## - ADDED ENTRY ELEMENTS (KOHA)
Koha item type
Existencias
Withdrawn status Lost status Damaged status Not for loan Home library Current library Shelving location Date acquired Total checkouts Full call number Barcode Date last seen Price effective from Koha item type
        Biblioteca Prof. Eusebio Cleto del Rey Biblioteca Prof. Eusebio Cleto del Rey   07/04/2026   004.7 H899 L119001 07/04/2026 07/04/2026 Libro